[Event "Balaguer op"]
[Site "?"]
[Date "2012.06.23"]
[Round "8"]
[White "Cosialls Baz, D."]
[Black "Sanchez Sanchez, M."]
[Result "1-0"]
[WhiteElo "1643"]
[BlackElo "1655"]
[PlyCount "29"]
[EventDate "2012.??.??"]
[EventType "swiss"]
[EventRounds "9"]

1. e4 c5 2. Nf3 Nc6 3. d4 cxd4 4. Nxd4 d6 5. Nc3 Nf6 6. Be2 e6 7. O-O Be7 8.
Be3 O-O 9. Qd2 a6 10. Rad1 Qc7 11. Bg5 Rd8 12. Kh1 h6 13. Be3 b5 14. a3 Bb7 15.
f3 1-0

[Event "Balaguer op"]
[Site "?"]
[Date "2012.06.23"]
[Round "8"]
[White "Farre Selma, D."]
[Black "Amigo Cervello, J."]
[Result "1-0"]
[WhiteElo "1868"]
[BlackElo "1893"]
[PlyCount "73"]
[EventDate "2012.??.??"]
[EventType "swiss"]
[EventRounds "9"]

1. c4 e6 2. g3 Nf6 3. Bg2 d5 4. Nf3 c6 5. O-O Nbd7 6. cxd5 exd5 7. Nc3 Bd6 8.
d4 O-O 9. Qc2 Re8 10. Re1 Nf8 11. Bg5 h6 12. Bxf6 Qxf6 13. e4 Qg6 14. Nh4 Qh7
15. Qb3 g5 16. Nf3 dxe4 17. Ne5 Bxe5 18. Rxe4 Be6 19. Qxb7 Bxg3 20. hxg3 Rab8
21. Qxa7 Rxb2 22. d5 cxd5 23. Nxd5 Qg7 24. Rae1 Rd2 25. R4e3 Rd8 26. Ne7+ Kh8
27. Nc6 Rxa2 28. Qe7 Rc8 29. Ne5 Rd2 30. Rf3 Kg8 31. Bh3 g4 32. Bxg4 Bxg4 33.
Rxf7 Qxe5 34. Qxe5 Kxf7 35. Qf4+ Kg7 36. Qxg4+ Ng6 37. Qxc8 1-0

[Event "Balaguer op"]
[Site "?"]
[Date "2012.06.23"]
[Round "8"]
[White "Fernandez Alvarez, J."]
[Black "Valera Muñoz, A."]
[Result "0-1"]
[WhiteElo "1371"]
[BlackElo "1398"]
[PlyCount "68"]
[EventDate "2012.??.??"]
[EventType "swiss"]
[EventRounds "9"]

1. f4 d5 2. Nf3 Bf5 3. d4 Nf6 4. e3 Nbd7 5. b4 e6 6. Bd2 b6 7. c4 c6 8. c5 b5
9. Nc3 Ne4 10. Be2 Be7 11. O-O g5 12. Ne5 Nxd2 13. Qxd2 Nxe5 14. fxe5 h5 15.
Qd1 Bg6 16. a4 a6 17. axb5 axb5 18. Rxa8 Qxa8 19. Qb3 Kd7 20. h3 Qb7 21. Qb2
Ra8 22. Ra1 Ra6 23. Rxa6 Qxa6 24. g3 f6 25. exf6 Bxf6 26. Nd1 Qb7 27. Qa1 Qc7
28. Kg2 e5 29. g4 h4 30. Kf1 exd4 31. exd4 Qf4+ 32. Nf2 Bxd4 33. Qe1 Be3 34.
Kg1 d4 0-1

[Event "Balaguer op"]
[Site "?"]
[Date "2012.06.23"]
[Round "8"]
[White "Ferrer Font, J."]
[Black "Sole Pijuan, F."]
[Result "1-0"]
[WhiteElo "1804"]
[BlackElo "1539"]
[PlyCount "55"]
[EventDate "2012.??.??"]
[EventType "swiss"]
[EventRounds "9"]

1. e4 e5 2. Nf3 Nc6 3. Bc4 Bc5 4. d3 d6 5. c3 Nf6 6. Bb3 O-O 7. O-O Bg4 8. h3
Bh5 9. Nbd2 d5 10. Re1 dxe4 11. dxe4 h6 12. Qe2 Qe7 13. Nf1 Rad8 14. Ng3 Bg6
15. Nh4 Bh7 16. Nhf5 Qe8 17. Qf3 Ne7 18. Nxh6+ gxh6 19. Qxf6 Qc6 20. Qxh6 Qxh6
21. Bxh6 Rfe8 22. Rad1 Nc6 23. Bg5 Rxd1 24. Rxd1 Bb6 25. Rd7 Bg6 26. h4 Na5 27.
h5 Bh7 28. Bxf7+ 1-0

[Event "Balaguer op"]
[Site "?"]
[Date "2012.06.23"]
[Round "8"]
[White "Gomez Ledo, RC."]
[Black "Barbero Sendic, A."]
[Result "1/2-1/2"]
[WhiteElo "2428"]
[BlackElo "2370"]
[PlyCount "31"]
[EventDate "2012.??.??"]
[EventType "swiss"]
[EventRounds "9"]

1. d4 Nf6 2. Nf3 g6 3. g3 Bg7 4. Bg2 O-O 5. O-O d5 6. c4 dxc4 7. Na3 c3 8. bxc3
c5 9. Ne5 Nc6 10. Nxc6 bxc6 11. Nc4 Be6 12. Ne5 Bd5 13. Ba3 Bxg2 14. Kxg2 Nd5
15. Bxc5 Nxc3 16. Qd3 1/2-1/2

[Event "Balaguer op"]
[Site "?"]
[Date "2012.06.23"]
[Round "8"]
[White "Kovacevic, S."]
[Black "Burmakin, V."]
[Result "0-1"]
[WhiteElo "2310"]
[BlackElo "2590"]
[PlyCount "92"]
[EventDate "2012.??.??"]
[EventType "swiss"]
[EventRounds "9"]

1. d4 c6 2. Nf3 Nf6 3. Bf4 Qb6 4. Qc1 Nh5 5. Bg3 Nxg3 6. hxg3 g6 7. Nbd2 Bg7 8.
c3 d6 9. e4 c5 10. dxc5 Qxc5 11. Bd3 Nd7 12. a4 O-O 13. Nb3 Qb6 14. Qc2 a6 15.
O-O Nf6 16. e5 Ng4 17. a5 Qc7 18. exd6 Qxd6 19. Rfd1 e5 20. Nbd2 Qe7 21. Nc4
Be6 22. Re1 Rad8 23. Ne3 Nxe3 24. Rxe3 Qc7 25. Rae1 f6 26. b4 Bh6 27. R3e2 Rc8
28. Qb1 Qxc3 29. Bxg6 hxg6 30. Qxg6+ Bg7 31. Nxe5 fxe5 32. Qxe6+ Rf7 33. Rd1
Rcf8 34. Red2 Qc6 35. Rd6 Qc2 36. R1d2 Qb1+ 37. Kh2 Qf5 38. Qb3 Kh7 39. f3 Rc7
40. Rd1 Rf6 41. Rxf6 Qxf6 42. Re1 Rd7 43. Qc2+ Qg6 44. Qc8 Qc6 45. Qb8 Qh6+ 46.
Kg1 e4 0-1

[Event "Balaguer op"]
[Site "?"]
[Date "2012.06.23"]
[Round "8"]
[White "Llacuna Cufi, S."]
[Black "Fabrega Ramon, S."]
[Result "1-0"]
[WhiteElo "1986"]
[BlackElo "1763"]
[PlyCount "87"]
[EventDate "2012.??.??"]
[EventType "swiss"]
[EventRounds "9"]

1. d4 d5 2. e3 e6 3. Bd3 c5 4. c3 Nc6 5. Nd2 Bd6 6. f4 f5 7. Ndf3 c4 8. Bc2 Nf6
9. b3 b5 10. Bb2 Qa5 11. Ne2 Ng4 12. Qd2 Ba3 13. Bxa3 Qxa3 14. O-O a5 15. bxc4
bxc4 16. Rfb1 Rb8 17. Rxb8 Nxb8 18. Rb1 Nd7 19. h3 Ngf6 20. Ne5 Nxe5 21. dxe5
Nd7 22. Qc1 Qxc1+ 23. Nxc1 Ba6 24. Ba4 Ke7 25. Bxd7 Kxd7 26. Ne2 Ra8 27. Nd4
Bc8 28. g4 g6 29. gxf5 gxf5 30. Kf2 Ke7 31. Kg3 Bd7 32. Rb7 Rg8+ 33. Kf3 Rc8
34. a3 Kd8 35. Kg3 Ke7 36. Kh4 Rg8 37. Nc6+ Ke8 38. Rb8+ Kf7 39. Rxg8 Kxg8 40.
Nxa5 Ba4 41. Nb7 Kf8 42. Nc5 Bc2 43. Nxe6+ Ke7 44. Nd4 1-0

[Event "Balaguer op"]
[Site "?"]
[Date "2012.06.23"]
[Round "8"]
[White "Marti Trilla, A."]
[Black "Vladimirov Savov, T."]
[Result "1-0"]
[WhiteElo "1378"]
[BlackElo "1737"]
[PlyCount "101"]
[EventDate "2012.??.??"]
[EventType "swiss"]
[EventRounds "9"]

1. e4 e5 2. Nf3 Nc6 3. Bc4 Nf6 4. d3 Bc5 5. Bg5 h6 6. Bh4 g5 7. Bg3 d6 8. h3
Be6 9. Bxe6 fxe6 10. c3 Qe7 11. Qe2 O-O-O 12. O-O g4 13. Nh4 Rdg8 14. hxg4 Rxg4
15. Kh2 Rhg8 16. Kh3 Nh5 17. Qxg4 Rxg4 18. Kxg4 Qg5+ 19. Kh3 Ne7 20. Nf3 Qg6
21. Nbd2 Nxg3 22. fxg3 Qh5+ 23. Nh4 Ng6 24. Ndf3 Be3 25. Rae1 Nxh4 26. Nxh4 Bg5
27. Rf3 c6 28. Ref1 d5 29. exd5 cxd5 30. Re1 Kd7 31. Rxe5 Kd6 32. d4 a6 33. Rf6
Qd1 34. Rfxe6+ Kd7 35. Rg6 h5 36. Rxd5+ Ke7 37. Nf3 Bf6 38. Rxh5 Kf7 39. Rgh6
Bg7 40. Ng5+ Ke8 41. Rh7 Qh1+ 42. Kg4 Qd1+ 43. Nf3 Bf8 44. Re5+ Kd8 45. Rf7 Qd3
46. Rxf8+ Kd7 47. Rh5 Qe4+ 48. Kh3 Qb1 49. Rf7+ Ke8 50. Rxb7 Qh1+ 51. Nh2 1-0

[Event "Balaguer op"]
[Site "?"]
[Date "2012.06.23"]
[Round "8"]
[White "Martinez Lopez, I."]
[Black "Juan Bartroli, P."]
[Result "1/2-1/2"]
[WhiteElo "2302"]
[BlackElo "2000"]
[PlyCount "103"]
[EventDate "2012.??.??"]
[EventType "swiss"]
[EventRounds "9"]

1. c4 c5 2. g3 Nc6 3. Bg2 g6 4. Nc3 d6 5. Nf3 Bg7 6. O-O e5 7. d3 Nge7 8. Ne1
O-O 9. Nc2 Be6 10. Ne3 Rb8 11. Ned5 a6 12. a4 h6 13. Bd2 f5 14. Rb1 Kh7 15. b4
cxb4 16. Nxb4 Nxb4 17. Rxb4 d5 18. cxd5 Nxd5 19. Nxd5 Bxd5 20. Bxd5 Qxd5 21.
Qb3 Qxb3 22. Rxb3 b5 23. Rfb1 Rfc8 24. Kf1 Rc5 25. Be3 Rd5 26. Ke1 h5 27. h4
Bf8 28. Rc3 Rb7 29. Rc6 Rd6 30. Rc8 Bh6 31. Rc5 f4 32. Bd2 fxg3 33. fxg3 Bg7
34. axb5 Rdb6 35. Ba5 Rxb5 36. Rbxb5 Rxb5 37. Rxb5 axb5 38. Kd2 e4 39. Bc3 Bh6+
40. Kc2 exd3+ 41. Kxd3 Bf8 42. e4 Kg8 43. Kd4 Kf7 44. Kd5 b4 45. Bb2 Ke7 46.
Bd4 Kd7 47. e5 b3 48. Kc4 Ke6 49. Kxb3 Bg7 50. Kc4 Bxe5 51. Bxe5 Kxe5 52. Kd3
1/2-1/2

[Event "Balaguer op"]
[Site "?"]
[Date "2012.06.23"]
[Round "8"]
[White "Moline Escartin, X."]
[Black "Fumas Fontova, E."]
[Result "1-0"]
[WhiteElo "1877"]
[BlackElo "1707"]
[PlyCount "75"]
[EventDate "2012.??.??"]
[EventType "swiss"]
[EventRounds "9"]

1. e4 e6 2. d4 d5 3. e5 c5 4. c3 Qb6 5. Nf3 Bd7 6. Bd3 Bb5 7. O-O Bxd3 8. Qxd3
Nc6 9. b3 cxd4 10. cxd4 Rc8 11. a3 Nge7 12. Bb2 Nf5 13. Nbd2 Be7 14. Rac1 O-O
15. b4 a6 16. Nb3 Rc7 17. Nc5 Rfc8 18. h3 Bxc5 19. dxc5 Qa7 20. Ng5 g6 21. g4
Nfe7 22. f4 b6 23. f5 exf5 24. gxf5 bxc5 25. bxc5 Nxf5 26. Rxf5 gxf5 27. Qxf5
Nd8 28. Qxh7+ Kf8 29. Qh8+ Ke7 30. Qf6+ Kd7 31. Qd6+ Ke8 32. Nh7 Re7 33. Nf6+
Kf8 34. Nxd5 Nc6 35. Qf6 Kg8 36. Kh2 Nxe5 37. Rg1+ Ng6 38. Qg7# 1-0

[Event "Balaguer op"]
[Site "?"]
[Date "2012.06.23"]
[Round "8"]
[White "Obregon Rivero, JC."]
[Black "Fernandez Cardoso, A."]
[Result "0-1"]
[WhiteElo "2485"]
[BlackElo "2427"]
[PlyCount "114"]
[EventDate "2012.??.??"]
[EventType "swiss"]
[EventRounds "9"]

1. Nf3 g6 2. d4 Bg7 3. e4 d6 4. Bc4 c6 5. O-O d5 6. exd5 cxd5 7. Bb3 Nf6 8. Bf4
Nc6 9. c3 O-O 10. Re1 Nh5 11. Bg5 h6 12. Bh4 Qd6 13. Qe2 g5 14. Bg3 Nxg3 15.
hxg3 Bf5 16. Nbd2 e6 17. Ne5 Na5 18. Ba4 a6 19. g4 Bh7 20. b4 Nc4 21. Nexc4
dxc4 22. Ne4 Qd5 23. Bc2 a5 24. b5 e5 25. dxe5 Qxe5 26. Qxc4 Rac8 27. Qa4 Bxe4
28. Bxe4 Qxc3 29. Bxb7 Rc4 30. Qb3 Rb4 31. Qd5 Qxa1 32. Rxa1 Bxa1 33. a3 Rb1+
34. Kh2 Re8 35. Qf5 Be5+ 36. g3 Rb2 37. Bd5 Re7 38. b6 Rxb6 39. Qc8+ Kg7 40.
Qd8 Rc7 41. Kh3 Rf6 42. Qe8 Bd6 43. Qe2 Bxa3 44. Ba2 Bc5 45. f3 Bd6 46. Bb1 Rc3
47. Be4 a4 48. Qd2 Rb3 49. Bd5 Rb1 50. Bxf7 Kxf7 51. Qa2+ Rb3 52. Qxa4 Rbxf3
53. Qd7+ Be7 54. Qd5+ Kg7 55. Qe4 Bd6 56. Qb7+ Rf7 57. Qb2+ Kg8 0-1

[Event "Balaguer op"]
[Site "?"]
[Date "2012.06.23"]
[Round "8"]
[White "Oms Pallisse, J."]
[Black "Monell Camarasa, D."]
[Result "1-0"]
[WhiteElo "2461"]
[BlackElo "2254"]
[PlyCount "37"]
[EventDate "2012.??.??"]
[EventType "swiss"]
[EventRounds "9"]

1. c4 Nf6 2. Nc3 e6 3. Nf3 d5 4. d4 dxc4 5. e4 c5 6. Bxc4 cxd4 7. Nxd4 a6 8.
O-O b5 9. Bb3 Bb7 10. e5 Nfd7 11. Bxe6 fxe6 12. Nxe6 Qb6 13. Nd5 Qc6 14. Nec7+
Kd8 15. Bg5+ Kc8 16. Rc1 Bc5 17. Be7 Re8 18. Bxc5 Nxc5 19. Nxe8 1-0

[Event "Balaguer op"]
[Site "?"]
[Date "2012.06.23"]
[Round "8"]
[White "Pera Lucas, E."]
[Black "Amigo Vilalta, J."]
[Result "0-1"]
[WhiteElo "1984"]
[BlackElo "2242"]
[PlyCount "46"]
[EventDate "2012.??.??"]
[EventType "swiss"]
[EventRounds "9"]

1. e4 c5 2. Nf3 a6 3. d4 cxd4 4. Nxd4 Nf6 5. Nc3 e5 6. Nb3 Bb4 7. Bd3 d5 8.
exd5 e4 9. Be2 Nxd5 10. O-O Bxc3 11. bxc3 O-O 12. Bb2 Qg5 13. Qd2 Nf4 14. g3
Nh3+ 15. Kg2 Qg6 16. f4 exf3+ 17. Rxf3 Bg4 18. Raf1 Nc6 19. Re3 Rad8 20. Nd4
Na5 21. Bxg4 Nc4 22. Bf5 Qh6 23. Bxh7+ Kh8 0-1

[Event "Balaguer op"]
[Site "?"]
[Date "2012.06.23"]
[Round "8"]
[White "Quintas Galeano, L."]
[Black "Ayza Casamitjana, A."]
[Result "1/2-1/2"]
[WhiteElo "2148"]
[BlackElo "1868"]
[PlyCount "153"]
[EventDate "2012.??.??"]
[EventType "swiss"]
[EventRounds "9"]

1. e4 c5 2. Nc3 e6 3. g3 Nc6 4. Bg2 d6 5. d3 Be7 6. f4 Nf6 7. Nf3 O-O 8. O-O a6
9. Kh1 Rb8 10. e5 Nd7 11. exd6 Bxd6 12. Ne4 Be7 13. Be3 b6 14. Qe2 Nf6 15. c3
Bb7 16. Nfg5 Nd5 17. Bg1 h6 18. Nf3 Nf6 19. Nfd2 Qc7 20. Nxf6+ Bxf6 21. Ne4 Be7
22. Qh5 Rfd8 23. Rad1 Rd7 24. f5 exf5 25. Qxf5 Bc8 26. Be3 Rd8 27. Qh5 Qe5 28.
Qe2 Qe6 29. Rfe1 Qg6 30. Bf4 Bg4 31. Bf3 Bxf3+ 32. Qxf3 f5 33. Nf2 Rd7 34. Re3
Nd8 35. d4 cxd4 36. Rxd4 Rxd4 37. cxd4 Bg5 38. Nd3 Nf7 39. d5 Bxf4 40. Nxf4 Qf6
41. Qe2 Ng5 42. Ne6 Nxe6 43. dxe6 Re8 44. e7 Qc6+ 45. Kg1 Qc5 46. Kg2 g6 47.
Re5 Qc6+ 48. Kh3 Kf7 49. Qe3 Qd6 50. Qb3+ Kf6 51. Rd5 Qxe7 52. Qxb6+ Kf7 53.
Qd4 Qe2 54. Rd7+ Re7 55. Qd5+ Qe6 56. Qxe6+ Kxe6 57. Rd2 Rb7 58. Kg2 Rb6 59.
Kf3 g5 60. b3 h5 61. Ke3 Rb4 62. Kd3 h4 63. gxh4 Rxh4 64. Rg2 Kf6 65. a3 Re4
66. b4 f4 67. Rc2 Re6 68. a4 g4 69. b5 axb5 70. axb5 f3 71. Rb2 Re8 72. b6 Ke6
73. b7 Rb8 74. Ke3 Kd7 75. Kf4 f2 76. Rxf2 Rxb7 77. Kxg4 1/2-1/2

[Event "Balaguer op"]
[Site "?"]
[Date "2012.06.23"]
[Round "8"]
[White "Ramon Perez, JL."]
[Black "Purgimon Diaz, J."]
[Result "1/2-1/2"]
[WhiteElo "2249"]
[BlackElo "1982"]
[PlyCount "66"]
[EventDate "2012.??.??"]
[EventType "swiss"]
[EventRounds "9"]

1. e4 c5 2. Nf3 e6 3. d4 cxd4 4. Nxd4 a6 5. f4 d6 6. Nc3 Qc7 7. Be3 Nf6 8. Qf3
Be7 9. g4 h6 10. h4 Nc6 11. g5 hxg5 12. hxg5 Rxh1 13. Qxh1 Nd7 14. g6 Nf6 15.
gxf7+ Kxf7 16. Nf3 b5 17. e5 dxe5 18. fxe5 Nd7 19. Qh5+ Kg8 20. Bg2 Rb8 21. Bf4
Nd8 22. O-O-O Nf7 23. Ne4 Bb7 24. Nd6 Bxd6 25. exd6 Qc4 26. Nd2 Qxf4 27. Bxb7
Nf6 28. Qh1 Nxd6 29. Rf1 Qe3 30. Re1 Qf4 31. Rf1 Qg5 32. Rg1 Qe3 33. Re1 Qf4
1/2-1/2

[Event "Balaguer op"]
[Site "?"]
[Date "2012.06.23"]
[Round "8"]
[White "Ruiz Sanchez, O."]
[Black "Campos Moreno, J."]
[Result "1/2-1/2"]
[WhiteElo "2416"]
[BlackElo "2488"]
[PlyCount "45"]
[EventDate "2012.??.??"]
[EventType "swiss"]
[EventRounds "9"]

1. e4 c5 2. Nf3 d6 3. d4 cxd4 4. Qxd4 a6 5. h3 Nc6 6. Qe3 g6 7. Be2 Nf6 8. c4
Bg7 9. O-O O-O 10. Rd1 Nd7 11. Nc3 b6 12. b3 Rb8 13. Rb1 Na7 14. Bb2 Bb7 15.
Rd2 Re8 16. Bf1 Ba8 17. Rc1 Rb7 18. Nd4 Qb8 19. b4 Rc7 20. Nd5 Rcc8 21. Qg5 h6
22. Qh4 g5 23. Qg3 1/2-1/2

[Event "Balaguer op"]
[Site "?"]
[Date "2012.06.23"]
[Round "8"]
[White "Sanikidze, T."]
[Black "Ivanov, Jo"]
[Result "1-0"]
[WhiteElo "2596"]
[BlackElo "2367"]
[PlyCount "75"]
[EventDate "2012.??.??"]
[EventType "swiss"]
[EventRounds "9"]

1. d4 d5 2. c4 dxc4 3. e4 Nf6 4. e5 Nd5 5. Bxc4 Nb6 6. Bd3 Nc6 7. Ne2 Bg4 8. f3
Be6 9. Nbc3 Qd7 10. Ne4 Bd5 11. Nc5 Qc8 12. a3 e6 13. Qc2 Bxc5 14. Qxc5 Qd8 15.
O-O Qe7 16. Qc3 a5 17. Nf4 O-O 18. Be3 Rfd8 19. Qc2 g6 20. Rac1 a4 21. Qf2 Na5
22. Nh5 f5 23. Nf6+ Kh8 24. h4 Nc6 25. h5 Qf7 26. Qh4 Bb3 27. hxg6 Qxg6 28. Kf2
Nd7 29. Rh1 Nxf6 30. exf6 Rf8 31. g4 Rf7 32. g5 Rd8 33. Qf4 e5 34. dxe5 Nxe5
35. Qxe5 Rxd3 36. Rh6 Rxe3 37. Qxe3 f4 38. Qe5 1-0

[Event "Balaguer op"]
[Site "?"]
[Date "2012.06.23"]
[Round "8"]
[White "Solani Nuñez, J."]
[Black "Parramon Guillaumet, J."]
[Result "1/2-1/2"]
[WhiteElo "1626"]
[BlackElo "1873"]
[PlyCount "66"]
[EventDate "2012.??.??"]
[EventType "swiss"]
[EventRounds "9"]

1. f4 d5 2. Nf3 Nf6 3. e3 Bg4 4. h3 Bxf3 5. Qxf3 e6 6. g4 Ne4 7. d3 Qh4+ 8. Kd1
Nf2+ 9. Ke2 Nxh1 10. Qxh1 f5 11. Qf3 fxg4 12. Qxg4 Qxg4+ 13. hxg4 g6 14. Bg2 h5
15. g5 Nd7 16. Nd2 O-O-O 17. Nf3 Bd6 18. d4 Nb8 19. Nh4 Rhg8 20. Bh3 Kd7 21. b3
c5 22. Bb2 Nc6 23. c4 Ke7 24. dxc5 Bxc5 25. Bf6+ Kf7 26. Bxd8 Rxd8 27. cxd5
exd5 28. Bg2 Ne7 29. Rd1 Rd6 30. Rd3 b5 31. e4 dxe4 32. Bxe4 Rxd3 33. Bxd3 a6
1/2-1/2

[Event "Balaguer op"]
[Site "?"]
[Date "2012.06.23"]
[Round "8"]
[White "Sole Castañe, J."]
[Black "Rodon Balcells, J."]
[Result "0-1"]
[WhiteElo "1656"]
[BlackElo "1864"]
[PlyCount "64"]
[EventDate "2012.??.??"]
[EventType "swiss"]
[EventRounds "9"]

1. d4 Nf6 2. Nc3 d5 3. Bf4 e6 4. e3 Be7 5. Bd3 O-O 6. Nge2 Nbd7 7. a3 c5 8.
dxc5 Nxc5 9. O-O a6 10. Be5 b5 11. Nd4 Bb7 12. Nb3 Nxb3 13. cxb3 Rc8 14. Rc1
Bd6 15. Bg3 e5 16. Bf5 Rc7 17. Bh4 Be7 18. Bg3 Bd6 19. Bb1 e4 20. Ne2 h6 21. b4
Qe7 22. Nd4 Bxg3 23. hxg3 g6 24. Rxc7 Qxc7 25. Qc2 Rc8 26. Rc1 Qd7 27. Qd2 Ng4
28. Nb3 Rxc1+ 29. Qxc1 Qf5 30. Qd2 Qh5 31. Qc1 Qh2+ 32. Kf1 Qxg2+ 0-1

[Event "Balaguer op"]
[Site "?"]
[Date "2012.06.23"]
[Round "8"]
[White "Sole Gonzalez, E."]
[Black "Aloy Piulats, R."]
[Result "1-0"]
[WhiteElo "1539"]
[BlackElo "1805"]
[PlyCount "21"]
[EventDate "2012.??.??"]
[EventType "swiss"]
[EventRounds "9"]

1. d4 d5 2. c4 e6 3. Nc3 c6 4. Nf3 Nf6 5. Bg5 Be7 6. e3 Nbd7 7. Bd3 h6 8. Bh4
dxc4 9. Bxc4 Nd5 10. Bg3 O-O 11. O-O 1-0

[Event "Balaguer op"]
[Site "?"]
[Date "2012.06.23"]
[Round "8"]
[White "Trepat Herranz, J."]
[Black "Martinez Duany, LS."]
[Result "1/2-1/2"]
[WhiteElo "2299"]
[BlackElo "2474"]
[PlyCount "276"]
[EventDate "2012.??.??"]
[EventType "swiss"]
[EventRounds "9"]

1. e4 c5 2. Nf3 g6 3. d4 Bg7 4. Nc3 cxd4 5. Nxd4 Nc6 6. Be3 Nf6 7. Bc4 O-O 8.
Bb3 d6 9. f3 Bd7 10. Qd2 Nxd4 11. Bxd4 b5 12. h4 a5 13. a4 bxa4 14. Nxa4 Rb8
15. O-O Bc6 16. Rfd1 Qc7 17. Nc3 Rb4 18. Ne2 Bb5 19. Bc3 Qc5+ 20. Kh2 Bxe2 21.
Qxe2 Nh5 22. Bxg7 Kxg7 23. Rd5 Qc7 24. Qd2 Nf6 25. Rdxa5 d5+ 26. Kg1 Rfb8 27.
Rxd5 Nxd5 28. Qxd5 e6 29. Qd2 Qe5 30. Qc3 Qxc3 31. bxc3 R4b7 32. Kf2 Rc7 33. c4
f5 34. Ke3 Kf6 35. Ra6 Rc5 36. f4 fxe4 37. Kxe4 h5 38. Kd4 Rbc8 39. g3 Kf5 40.
Ke3 R8c6 41. Rxc6 Rxc6 42. Kf3 Rd6 43. c5 Rc6 44. Bc4 Rxc5 45. Bd3+ Kf6 46. Be4
e5 47. fxe5+ Rxe5 48. Bd3 Ra5 49. Be4 Ra6 50. Bd3 Rb6 51. Kf4 Rb4+ 52. Kf3 Rg4
53. Be2 Ke5 54. Kf2 Rb4 55. Bd3 Rb6 56. Ke3 Rf6 57. Be4 Re6 58. Bd3 Kf6+ 59.
Be4 g5 60. hxg5+ Kxg5 61. Kf3 Rf6+ 62. Kg2 Kg4 63. Bb7 Rf7 64. Bc8+ Kg5 65. Ba6
Rf8 66. Be2 Re8 67. Kf2 Re5 68. Bf3 Rc5 69. Be4 Kg4 70. Kg2 Re5 71. Bf3+ Kg5
72. Kf2 Re7 73. Be2 Re6 74. Bf3 Re5 75. Be2 Rc5 76. Bd3 Kg4 77. Kg2 Re5 78. Ba6
Re3 79. Bc8+ Kg5 80. Ba6 Kf5 81. Kf2 Ke4 82. Be2 Rc3 83. Bxh5 Rxc2+ 84. Be2 Ra2
85. g4 Kf4 86. g5 Ra3 87. g6 Rg3 88. Bc4 Rxg6 89. Ke2 Rd6 90. Bd3 Ke5 91. Ke3
Rh6 92. Bf1 Rh1 93. Bg2 Rh2 94. Bf1 Rh1 95. Bg2 Rg1 96. Bf3 Rg3 97. Kf2 Kf4 98.
Bc6 Rc3 99. Bb5 Rb3 100. Bc4 Rc3 101. Bb5 Rc2+ 102. Ke1 Ke3 103. Kd1 Rc5 104.
Ba6 Ra5 105. Bc4 Rc5 106. Ba6 Rc7 107. Bb5 Rc8 108. Ba6 Rc5 109. Bf1 Rf5 110.
Ba6 Rf6 111. Bb5 Rb6 112. Bc4 Kd4 113. Bg8 Rb2 114. Bh7 Kc3 115. Ke1 Rg2 116.
Bf5 Rg5 117. Bh7 Rg7 118. Bf5 Re7+ 119. Kd1 Re3 120. Bg6 Rg3 121. Bf5 Rg2 122.
Be4 Rg7 123. Bf5 Rf7 124. Bg6 Rf6 125. Bh7 Re6 126. Bf5 Re7 127. Bg6 Rd7+ 128.
Ke2 Kd4 129. Bf5 Re7+ 130. Kd2 Rf7 131. Bg6 Rf2+ 132. Kd1 Kc3 133. Bh7 Rd2+
134. Ke1 Rd7 135. Bf5 Rd2 136. Bg6 Rh2 137. Bf5 Kd4 138. Kd1 Ke3 1/2-1/2

[Event "Balaguer op"]
[Site "?"]
[Date "2012.06.23"]
[Round "8"]
[White "Turuguet Lopez, JL."]
[Black "Codina Garcia, J."]
[Result "0-1"]
[WhiteElo "1932"]
[BlackElo "2124"]
[PlyCount "124"]
[EventDate "2012.??.??"]
[EventType "swiss"]
[EventRounds "9"]

1. Nf3 d5 2. d4 Nf6 3. e3 Bf5 4. c4 e6 5. Nc3 c6 6. Be2 h6 7. O-O Nbd7 8. cxd5
exd5 9. Qb3 Qb6 10. Qxb6 axb6 11. Nd2 Bb4 12. a3 O-O 13. Nb3 Bd6 14. Bd2 Bc2
15. Nc1 b5 16. Bd3 Bxd3 17. Nxd3 Nb6 18. Ne2 Nc4 19. Bb4 Bxb4 20. axb4 Nd7 21.
Rfd1 Rfe8 22. b3 Nd6 23. Ng3 g6 24. Nc5 Nf6 25. h3 Kf8 26. Kf1 Rec8 27. f3 b6
28. Nd3 Nd7 29. Rdc1 Rxa1 30. Rxa1 Rc7 31. Kf2 Ke7 32. e4 dxe4 33. fxe4 Nc8 34.
Ke3 c5 35. d5 cxb4 36. Ne2 Nc5 37. e5 Ra7 38. d6+ Ke8 39. Rxa7 Nxa7 40. Nxb4
Nxb3 41. Ke4 Nc5+ 42. Kd5 Kd7 43. Nd4 Ne6 44. Nxe6 fxe6+ 45. Kd4 Nc8 46. Nd3
Na7 47. Nf4 Nc6+ 48. Ke4 g5 49. Ng6 Nd8 50. g4 Kc6 51. Kd4 Kd7 52. Kc3 Nc6 53.
Nf8+ Ke8 54. Nxe6 Nxe5 55. Nc7+ Kd7 56. Nxb5 Nf7 57. Nd4 Kxd6 58. Nf5+ Ke5 59.
h4 Kf4 60. Nxh6 gxh4 61. Nxf7 h3 62. g5 h2 0-1

[Event "Balaguer op"]
[Site "?"]
[Date "2012.06.23"]
[Round "8"]
[White "Vera Balague, G."]
[Black "Bonet Verdu, M."]
[Result "1-0"]
[WhiteElo "2031"]
[BlackElo "1811"]
[PlyCount "47"]
[EventDate "2012.??.??"]
[EventType "swiss"]
[EventRounds "9"]

1. e4 c5 2. Nc3 Nc6 3. f4 e6 4. Nf3 d5 5. Bb5 d4 6. Bxc6+ bxc6 7. Ne2 Nf6 8. d3
Be7 9. b3 O-O 10. O-O Qb6 11. h3 a5 12. a4 Ba6 13. Bd2 Rfd8 14. Qe1 Bc8 15. Ne5
Bf8 16. Kh1 g6 17. g4 Nd7 18. Nc4 Qb7 19. Qh4 Re8 20. f5 Nb6 21. f6 Qc7 22. Bh6
Bd6 23. Bg7 h5 24. Qg5 1-0

[Event "Balaguer op"]
[Site "?"]
[Date "2012.06.23"]
[Round "8"]
[White "Verdes Nadal, R."]
[Black "Monfa Escola, R."]
[Result "0-1"]
[WhiteElo "1979"]
[BlackElo "1837"]
[PlyCount "68"]
[EventDate "2012.??.??"]
[EventType "swiss"]
[EventRounds "9"]

1. f4 d6 2. Nf3 Nf6 3. Nc3 g6 4. e4 Bg7 5. d4 a6 6. a4 b6 7. Bd3 c5 8. Be3 Qc7
9. Qe2 Bb7 10. O-O e6 11. f5 exf5 12. exf5 O-O 13. fxg6 hxg6 14. Ng5 Nbd7 15.
dxc5 bxc5 16. Bc4 d5 17. Bf4 Qb6 18. Ba2 Rae8 19. Qd2 c4+ 20. Kh1 Nc5 21. Be3
Qc6 22. Bd4 Nce4 23. Ncxe4 Nxe4 24. Nxe4 Bxd4 25. Qxd4 Rxe4 26. Qf2 d4 27. b3
d3 28. Rae1 Rf4 29. Qg3 d2 30. Rd1 Rxf1+ 31. Rxf1 Re8 32. Qf2 Qxg2+ 33. Qxg2
Bxg2+ 34. Kxg2 Re1 0-1

[Event "Balaguer op"]
[Site "?"]
[Date "2012.06.23"]
[Round "8"]
[White "Vidal Rosell, J."]
[Black "Solsona Manonelles, J."]
[Result "1-0"]
[WhiteElo "1872"]
[BlackElo "1701"]
[PlyCount "55"]
[EventDate "2012.??.??"]
[EventType "swiss"]
[EventRounds "9"]

1. e4 e6 2. f4 d5 3. e5 c5 4. Nf3 Nc6 5. Be2 Nge7 6. c3 Nf5 7. O-O Qb6 8. d3
c4+ 9. d4 Be7 10. Kh1 O-O 11. Qc2 g6 12. g4 Ng7 13. Rg1 Bd7 14. Nbd2 a5 15. Nf1
Qc7 16. Ng3 b5 17. f5 exf5 18. gxf5 Nxf5 19. Nxf5 Bxf5 20. Qxf5 Kh8 21. Qh3 Qc8
22. Qh6 Rg8 23. Bg5 Qf5 24. Qh4 Rac8 25. Raf1 Qe4 26. Qxe4 dxe4 27. Bxe7 exf3
28. Bf6+ 1-0

[Event "Balaguer op"]
[Site "?"]
[Date "2012.06.23"]
[Round "8"]
[White "Westerinen, H."]
[Black "Roeder, M."]
[Result "1/2-1/2"]
[WhiteElo "2345"]
[BlackElo "2434"]
[PlyCount "22"]
[EventDate "2012.??.??"]
[EventType "swiss"]
[EventRounds "9"]

1. e4 c5 2. Nf3 d6 3. Bb5+ Bd7 4. Bxd7+ Qxd7 5. O-O Nc6 6. d3 Nf6 7. Re1 e6 8.
c3 Be7 9. Bf4 O-O 10. h3 b5 11. Nbd2 Rfc8 1/2-1/2

[Event "Balaguer op"]
[Site "?"]
[Date "2012.06.24"]
[Round "9"]
[White "Amigo Cervello, J."]
[Black "Paul Cava, J."]
[Result "0-1"]
[WhiteElo "1893"]
[BlackElo "1722"]
[PlyCount "74"]
[EventDate "2012.??.??"]
[EventType "swiss"]
[EventRounds "9"]

1. d4 d5 2. c4 c6 3. Nf3 e6 4. e3 Nf6 5. b3 Nbd7 6. Ne5 Bd6 7. f4 Ne4 8. Qg4
Bb4+ 9. Ke2 O-O 10. a3 Qa5 11. Nd3 Ndf6 12. Qh4 Be7 13. Qe1 Qb6 14. Qd1 dxc4
15. bxc4 Rd8 16. Ne5 c5 17. Kf3 cxd4 18. Bd3 Nc5 19. Qc2 Nxd3 20. Qxd3 dxe3 21.
Qc3 e2 22. Bd2 Bd7 23. Be3 Bc6+ 24. Kxe2 Bc5 25. Nxc6 Qxc6 26. Rg1 Bxe3 27.
Qxe3 Qxc4+ 28. Ke1 Rd3 29. Qe2 Ne4 30. Nd2 Nxd2 31. Rd1 Rad8 32. f5 Qc3 33. Kf2
Ne4+ 34. Qxe4 Rd2+ 35. Rxd2 Rxd2+ 36. Kf1 Qc1+ 37. Qe1 Rd1 0-1